00641nam a22001937a 450000500170000000800410001704000070005804100120006508200210007710000240009824500440012226000450016630000260021165000190023770000260025694200120028299900190029495201340031320230110135804.0230110b ||||| |||| 00| 0 eng d cAL aEnglish 223a320.54bLEAF aRufus Learsi969064 aFulfillment : the epic Story of Zionism aNew YorkbWorld Publishing Companyc1951 a426 p.bHBc23x15 cm. aZionism969065 aLEARSI (Rufus)969066 2ddccDB c226362d226362 00102ddc40708PSaALbALd2014-12-13l0o320.54 LEAFpD05621r2023-01-10 00:00:00w2023-01-10yDBzDonated by V. T. Rajshekar